000 00432nam a2200145Ia 4500
003 OSt
005 20260227094751.0
008 211028s2018 xx 000 0 und d
040 _cAIMIT LIBRARY
041 _aeng
100 _aBenny, Roshin; Dsouza, Lestan.
_g1716164
_98141
245 _aStudy on the Advertisement effectiveness on brand recall of Meriiboy Icecream /
260 _aKerala
_bBalaraju S J.
_c2018
942 _2ddc
_cPRO
999 _c219709
_d219709